Longest Relationship with all the countries - Statistics

General Stats
  • This quiz has been taken 40 times
  • The average score is 34 of 43
Answer Stats
Country Years of relationship Longest Relationship with these countries % Correct
Canada July 1st- 1926-Now United Kingdom
97%
Australia March 1936 1936- Now United Kingdom
97%
Thailand April 18th 1855- Now United Kingdom
97%
South Korea Jan 18th 1949- Now United Kingdom
97%
Greece Jan 1st 1833- Now United Kingdom
97%
Denmark May 2th 1490- Now United Kingdom
97%
Ireland Dec 1922- Now United Kingdom
97%
United Arab Emirates Dec 6th 1971 United Kingdom
97%
Finland Jan 10th 1918 Denmark | Sweden
91%
Switzerland Nov 29th 1516-1798 | 1815- Now France
91%
Austria 1535-1804 | 1815- Now France
91%
Sweden Oct 1541-1805 | 1810- Now France
91%
Russia Aug 31th 1492- Now Portugal
91%
United Kingdom May 9th 1386- Now Portugal
91%
France Jan 7th 1485-1808 | 1814-Now Portugal
91%
Spain Oct 5th 1143-1580 | 1737-Now Portugal
91%
China Oct 2nd 1949- Now Russia
91%
North Korea Oct 12th 1948- Now Russia
91%
Saudi Arabia Feb 19th 1926- Now Russia
91%
Portugal Oct 5th 1143-1580 | 1737-Now Spain
91%
Argentina 1825- Now Colombia | Netherlands
86%
Germany March 6th 1951- Now Italy
83%
United States Nov 16th 1776- Now Netherlands
83%
Japan Jan 30th 1856- Now Netherlands
83%
South Africa Nov 25th 1929- Now Netherlands
83%
India March 7th 1941- Now Australia
80%
Turkey 1603- 2022 Sweden
80%
Croatia Jan 15th 1992- Now Germany
77%
Italy Feb 24th 1851-Now Belgium
71%
Poland March 6th 1919- Now Belgium
71%
Morocco Feb 28th 1783- Now Austria
69%
Netherlands March 31th 1605- Now Denmark
69%
Iceland Dec 1st 1918- Now Denmark
69%
Brazil May 26th 1824- Now United States
66%
Norway Oct 30th 1905- Now United States
66%
Colombia June 19th 1822- Now United States
66%
Belgium June 15th 1827 Mexico
63%
Egypt April 1st 1906- Now Romania
57%
Philippines March 3th 1946- Now Egypt
46%
Indonesia June 10th 1947- Now Egypt
46%
Israel May 15th 1948- Now Guatemala
31%
Ukraine Dec 3th 1991- Now Ukraine
31%
Mexico Jan 23th 1823- Now Peru
23%
No matching quizzes found
Score Distribution
Percent of People with Each Score
Percentile by Number Answered
Your Score History
You have not taken this quiz